[Event "Aimchess US Rapid Prelim"]
[Site "chess24.com INT"]
[Date "2021.08.28"]
[Round "4.6"]
[White "Vachier-Lagrave, Maxime"]
[Black "Liang, Awonder"]
[Result "1-0"]
[WhiteTitle "GM"]
[BlackTitle "GM"]
[WhiteElo "2751"]
[BlackElo "2587"]
[WhiteFideId "623539"]
[BlackFideId "2056437"]
[EventDate "2021.08.28"]

1. e4 c6 2. d4 d5 3. e5 Bf5 4. Nf3 e6 5. Be2 Ne7 6. O-O Bg6 7. c3 Nd7 8. a4 Nf5
9. a5 a6 10. b4 f6 11. Bf4 fxe5 12. Nxe5 Nxe5 13. Bxe5 Bd6 14. Bxd6 Nxd6 15. Nd2
O-O 16. Bg4 Bf5 17. Qe2 Qg5 18. Bxf5 Qxf5 19. Rae1 Rae8 20. Nb3 Nb5 21. Qd2 e5
22. dxe5 Rxe5 23. Nd4 Nxd4 24. cxd4 Ree8 25. f3 Qg6 26. Re5 Rxe5 27. dxe5 Qf5
28. f4 g5 29. g3 h5 30. Qe2 gxf4 31. Rxf4 Qb1+ 32. Qf1 Qxf1+ 33. Kxf1 Re8 34.
Rf5 Kg7 35. Rxh5 Kg6 36. g4 Rf8+ 37. Kg2 Rf4 38. Kg3 Rxb4 39. Rf5 d4 40. h4 Rb1
41. Rf6+ Kg7 42. Rd6 Rd1 43. Kf4 c5 44. h5 d3 45. h6+ Kf7 46. g5 Rf1+ 47. Ke4
Rg1 48. g6+ 1-0

[Event "Aimchess US Rapid Prelim"]
[Site "chess24.com INT"]
[Date "2021.08.28"]
[Round "4.7"]
[White "Dominguez Perez, Leinier"]
[Black "Giri, Anish"]
[Result "1/2-1/2"]
[WhiteTitle "GM"]
[BlackTitle "GM"]
[WhiteElo "2758"]
[BlackElo "2776"]
[WhiteFideId "3503240"]
[BlackFideId "24116068"]
[EventDate "2021.08.28"]

1. e4 c5 2. Nf3 d6 3. d4 cxd4 4. Nxd4 Nf6 5. Nc3 a6 6. Be3 e5 7. Nf3 Be7 8. Bc4
O-O 9. O-O Nc6 10. Re1 Be6 11. Bf1 d5 12. exd5 Nxd5 13. Nxd5 Qxd5 14. Qxd5 Bxd5
15. Rad1 Be6 16. Ng5 Bf5 17. c3 h6 18. Nf3 Be6 19. Bb6 f6 20. Nd4 Bxa2 21. Nxc6
bxc6 22. Rd7 Rf7 23. Ra1 Bf8 24. Rxf7 Bxf7 25. b4 Be6 26. Bxa6 Be7 27. Ra5 Kf8
28. Bb7 Rb8 29. Ra7 Bc8 30. Bxc8 Rxc8 31. Rb7 Ra8 32. Ba7 Rd8 33. Kf1 Rd3 34. c4
Rb3 35. b5 cxb5 36. cxb5 Rb2 37. g4 g6 38. Be3 Ke8 39. b6 f5 40. gxf5 gxf5 41.
f4 exf4 42. Bxf4 Bc5 43. Bxh6 Rxb6 1/2-1/2

[Event "Aimchess US Rapid Prelim"]
[Site "chess24.com INT"]
[Date "2021.08.28"]
[Round "4.8"]
[White "Mamedyarov, Shakhriyar"]
[Black "Artemiev, Vladislav"]
[Result "1/2-1/2"]
[WhiteTitle "GM"]
[BlackTitle "GM"]
[WhiteElo "2782"]
[BlackElo "2704"]
[WhiteFideId "13401319"]
[BlackFideId "24101605"]
[EventDate "2021.08.28"]

1. d4 d5 2. c4 e6 3. Nc3 c5 4. cxd5 exd5 5. Nf3 Nc6 6. dxc5 d4 7. Na4 Bxc5 8.
Nxc5 Qa5+ 9. Bd2 Qxc5 10. e3 dxe3 11. Bxe3 Qb4+ 12. Qd2 Qxd2+ 13. Nxd2 Nf6 14.
Bb5 O-O 15. Bxc6 bxc6 16. O-O Nd5 17. Rfc1 Rd8 18. Nb3 Nxe3 19. fxe3 Rb8 20. Rc2
Bf5 21. Rf2 Be4 22. Nc5 Re8 23. b3 Bg6 24. Re2 Bh5 25. Ree1 Rbd8 26. Rac1 Rd2
27. a4 Re5 28. h3 f6 29. b4 h6 30. a5 Ra2 31. g4 Bg6 32. Rcd1 h5 33. Rd4 hxg4
34. hxg4 Rb2 35. Na4 Rc2 36. Nc5 Kh7 37. Kf1 Bf7 38. Kg1 Rg5 39. Rf1 Bd5 40. Rf2
Rc1+ 41. Rf1 Rc2 42. Rf2 Rc1+ 43. Rf1 Rc2 1/2-1/2

[Event "Aimchess US Rapid Prelim"]
[Site "chess24.com INT"]
[Date "2021.08.28"]
[Round "5.1"]
[White "Artemiev, Vladislav"]
[Black "Duda, Jan-Krzysztof"]
[Result "1/2-1/2"]
[WhiteTitle "GM"]
[BlackTitle "GM"]
[WhiteElo "2704"]
[BlackElo "2738"]
[WhiteFideId "24101605"]
[BlackFideId "1170546"]
[EventDate "2021.08.28"]

1. Nf3 Nf6 2. c4 g6 3. b3 Bg7 4. Bb2 O-O 5. g3 b6 6. Bg2 Bb7 7. O-O c5 8. d4
cxd4 9. Qxd4 d6 10. Rd1 Nbd7 11. Qc3 Rc8 12. Qe1 a6 13. Nc3 Ne4 14. Rac1 Ndc5
15. Nd4 Nxc3 16. Bxc3 Bxg2 17. Kxg2 Qd7 18. Nc2 Qb7+ 19. f3 Bxc3 20. Qxc3 b5 21.
Ne3 Nd7 22. Qd2 Nf6 23. Rc2 Rc5 24. cxb5 axb5 25. Rxc5 dxc5 26. Rc1 Rc8 27. a4
c4 28. axb5 cxb3 29. Rxc8+ Qxc8 30. Qb2 Qe6 31. Kf2 Nd7 32. Qd4 Nb6 33. Nd1 Nc4
34. e4 f6 35. Ke2 Kf7 36. Qd5 Qxd5 37. exd5 Ke8 38. Kd3 b2 39. Kc2 Na3+ 40. Kxb2
Nxb5 41. f4 Kd7 42. Kb3 Nd4+ 43. Kc4 Nf3 44. h4 Nd2+ 45. Kd3 Nf1 46. g4 Kd6 47.
Ke2 Nh2 48. Ne3 Kc5 49. g5 fxg5 50. hxg5 Kd4 51. f5 Ke5 52. f6 exf6 53. gxf6
Kxf6 54. Kf2 h5 55. Kg3 Ng4 56. Nxg4+ hxg4 57. Kxg4 Ke5 58. Kg5 Kxd5 59. Kxg6 1/2-1/2

[Event "Aimchess US Rapid Prelim"]
[Site "chess24.com INT"]
[Date "2021.08.28"]
[Round "5.2"]
[White "Giri, Anish"]
[Black "Mamedyarov, Shakhriyar"]
[Result "1/2-1/2"]
[WhiteTitle "GM"]
[BlackTitle "GM"]
[WhiteElo "2776"]
[BlackElo "2782"]
[WhiteFideId "24116068"]
[BlackFideId "13401319"]
[EventDate "2021.08.28"]

1. d4 d5 2. Nf3 Nf6 3. c4 dxc4 4. e3 e6 5. Bxc4 c5 6. O-O a6 7. dxc5 Bxc5 8.
Qxd8+ Kxd8 9. Be2 Ke7 10. Nc3 b5 11. Nd2 Bb7 12. Nb3 Bd6 13. Na5 Bc8 14. Bd2 Rd8
15. Rfd1 Ra7 16. a4 bxa4 17. Nxa4 Bd7 18. Nc4 Bb5 19. Ba5 Bc7 20. Bb4+ Ke8 21.
Rxd8+ Kxd8 22. Bc5 Rb7 23. Bf8 Bxa4 24. Rxa4 g6 25. g3 a5 26. Kg2 Nc6 27. Bf3
Nd5 28. Ra1 Ke8 29. Bd6 Bd8 30. Rd1 Rb5 31. Rd2 Be7 32. Rd1 Ncb4 33. Ra1 Nc6 34.
Bd1 Nb6 35. Bf3 Nd5 36. Bd1 Nb6 37. Nxb6 Rxb6 38. Bc7 Rb7 39. Bxa5 Nxa5 40. Rxa5
Rxb2 41. Ra8+ Bd8 42. Ba4+ Ke7 43. Rc8 h5 44. h4 Ra2 45. Bb3 Rb2 46. Ba4 Ra2 47.
Bb3 Rb2 48. Ba4 Ra2 1/2-1/2

[Event "Aimchess US Rapid Prelim"]
[Site "chess24.com INT"]
[Date "2021.08.28"]
[Round "5.3"]
[White "Liang, Awonder"]
[Black "Dominguez Perez, Leinier"]
[Result "0-1"]
[WhiteTitle "GM"]
[BlackTitle "GM"]
[WhiteElo "2587"]
[BlackElo "2758"]
[WhiteFideId "2056437"]
[BlackFideId "3503240"]
[EventDate "2021.08.28"]

1. Nf3 Nf6 2. g3 c5 3. Bg2 Nc6 4. d3 d5 5. O-O e5 6. e4 d4 7. a4 Be7 8. Na3 Bg4
9. h3 Bh5 10. Qe1 Nd7 11. Nh2 O-O 12. h4 f6 13. Bh3 Kh8 14. Bg4 Bxg4 15. Nxg4 a6
16. Bd2 b6 17. Qe2 Rb8 18. Nh2 b5 19. axb5 axb5 20. h5 Qe8 21. Qg4 f5 22. exf5
Nf6 23. Qh3 Qxh5 24. Qg2 Qe8 25. Rae1 Qd7 26. g4 c4 27. Nf3 c3 28. Bc1 Bxa3 29.
bxa3 Rbe8 30. g5 Nd5 31. Nh4 Nde7 32. Qh3 Kg8 33. f4 g6 34. fxe5 Nxf5 35. Nxf5
Rxf5 36. Rxf5 Qxf5 37. Qxf5 gxf5 38. Bf4 b4 39. axb4 Nxb4 40. Re2 Nd5 41. Bh2
Kf7 42. Kf2 Ke6 43. Kf3 Rg8 44. Bf4 Nxf4 45. Kxf4 h6 46. gxh6 Rg4+ 47. Kf3 Rh4
48. Kg3 Rxh6 49. Re1 Rg6+ 50. Kf3 Rg4 51. Re2 Rg1 52. Kf2 Rd1 53. Kf3 Rd2 54.
Rxd2 cxd2 55. Ke2 f4 56. Kxd2 f3 57. Ke1 Kxe5 58. Kf1 Kf4 59. Kf2 Kg4 60. Kf1
Kg3 61. Kg1 f2+ 62. Kf1 Kf3 0-1

[Event "Aimchess US Rapid Prelim"]
[Site "chess24.com INT"]
[Date "2021.08.28"]
[Round "5.4"]
[White "Aronian, Levon"]
[Black "Vachier-Lagrave, Maxime"]
[Result "1-0"]
[WhiteTitle "GM"]
[BlackTitle "GM"]
[WhiteElo "2782"]
[BlackElo "2751"]
[WhiteFideId "13300474"]
[BlackFideId "623539"]
[EventDate "2021.08.28"]

1. d4 Nf6 2. Nf3 g6 3. c4 Bg7 4. g3 c6 5. Bg2 d5 6. Ne5 Ng4 7. cxd5 Nxe5 8. dxe5
Bxe5 9. Nc3 O-O 10. Bh6 Re8 11. O-O cxd5 12. Bxd5 Nc6 13. Qb3 e6 14. Bg2 Nd4 15.
Qc4 Bd7 16. Rad1 Rc8 17. Qb4 Nf5 18. Bg5 Qxg5 19. Rxd7 Bxc3 20. bxc3 Re7 21.
Rxb7 Rxb7 22. Qxb7 Rxc3 23. Qxa7 Qd2 24. Be4 Qd4 25. Qb8+ Kg7 26. Bxf5 exf5 27.
e3 Qf6 28. Qb2 Rc4 29. Rb1 Qxb2 30. Rxb2 Rc1+ 31. Kg2 g5 32. Kf3 Rh1 33. a4 Ra1
34. Rb4 Ra2 35. h4 g4+ 36. Kg2 h5 37. Rf4 Kg6 38. Kf1 Kf6 39. e4 Kg6 40. exf5+
Kf6 41. Ke1 Ke5 42. f6 Ke6 43. Kd1 Rb2 44. Kc1 Re2 45. Kb1 Re5 46. Kb2 Kd6 47.
Kc3 Kc5 48. Rb4 Kc6 49. Kd3 Rf5 50. Ke2 Re5+ 51. Kd3 Rf5 52. Ke3 Rf3+ 53. Ke2
Ra3 54. Rf4 Kd5 55. Kd2 Kc5 56. Kc2 Ra1 57. Kb2 Rf1 58. a5 Kd6 59. a6 Kc7 60.
Rf5 Kb6 61. Kc3 Kxa6 62. Kd2 1-0

[Event "Aimchess US Rapid Prelim"]
[Site "chess24.com INT"]
[Date "2021.08.28"]
[Round "5.6"]
[White "Carlsen, Magnus"]
[Black "Naroditsky, Daniel"]
[Result "1-0"]
[WhiteTitle "GM"]
[BlackTitle "GM"]
[WhiteElo "2847"]
[BlackElo "2623"]
[WhiteFideId "1503014"]
[BlackFideId "2026961"]
[EventDate "2021.08.28"]

1. e4 c6 2. d4 d5 3. e5 c5 4. dxc5 e6 5. Qg4 Nd7 6. Nf3 Nxc5 7. Be2 Ne7 8. O-O
Nf5 9. c4 dxc4 10. Rd1 Bd7 11. Bxc4 Qb6 12. Nc3 Be7 13. Nd4 h5 14. Qe2 Nxd4 15.
Rxd4 Bc6 16. Be3 a5 17. Rad1 O-O 18. Qxh5 Qxb2 19. Rg4 g6 20. Bh6 Be8 21. Nd5
exd5 22. Bxd5 Kh7 23. Qh3 Rh8 24. Bf8+ Kg8 25. Rxg6+ Kxf8 26. Qxh8# 1-0

[Event "Aimchess US Rapid Prelim"]
[Site "chess24.com INT"]
[Date "2021.08.28"]
[Round "5.8"]
[White "Vidit, Santosh Gujrathi"]
[Black "Le, Quang Liem"]
[Result "0-1"]
[WhiteTitle "GM"]
[BlackTitle "GM"]
[WhiteElo "2726"]
[BlackElo "2709"]
[WhiteFideId "5029465"]
[BlackFideId "12401137"]
[EventDate "2021.08.28"]

1. e4 e5 2. Nf3 Nc6 3. Bb5 a6 4. Ba4 Nf6 5. O-O Be7 6. Re1 b5 7. Bb3 d6 8. c3
O-O 9. h3 Bb7 10. d4 Re8 11. a3 Bf8 12. d5 Na5 13. Ba2 c6 14. dxc6 Bxc6 15. Bg5
Nc4 16. Nbd2 Nb6 17. Nh2 h6 18. Bh4 Be7 19. Bxf6 Bxf6 20. Qh5 Ra7 21. g3 Na4 22.
Rab1 Nc5 23. b4 Ne6 24. h4 a5 25. Bb3 Be7 26. Ng4 Bf8 27. Ne3 g6 28. Qf3 h5 29.
Nd5 Bxd5 30. Bxd5 Bh6 31. Nb3 axb4 32. axb4 Rc7 33. Red1 Kg7 34. Ra1 Qf6 35.
Qxf6+ Kxf6 36. Ra6 Rxc3 37. Rxd6 Bf8 38. Rb6 Bxb4 39. Rxb5 Bd6 40. Rb6 Bc7 41.
Ra6 Rb8 42. Nd2 Rb6 43. Rxb6 Bxb6 44. Nf1 Bd4 45. Kg2 Nc5 46. Rd2 Nd3 47. Nh2
Bxf2 48. Rxf2+ Nxf2 49. Kxf2 Rc2+ 50. Kg1 Ke7 51. Nf3 f6 52. Kf1 Rc7 53. Ke2
Rc2+ 54. Ke3 Rg2 55. Bb7 Kd6 56. Bc8 Kc7 57. Be6 Kd6 58. Bc8 Ke7 59. g4 Rc2 60.
gxh5 Rxc8 61. hxg6 Rh8 62. g7 Rg8 63. h5 Rxg7 64. Nh4 Rg3+ 65. Kf2 Rh3 66. Nf5+
Kf7 67. Ng3 Rh4 68. Kf3 Kg8 69. Kg2 Kh7 70. Kf3 Rf4+ 71. Kg2 Kh6 0-1

[Event "Aimchess US Rapid Prelim"]
[Site "chess24.com INT"]
[Date "2021.08.29"]
[Round "6.1"]
[White "Duda, Jan-Krzysztof"]
[Black "Le, Quang Liem"]
[Result "1-0"]
[WhiteTitle "GM"]
[BlackTitle "GM"]
[WhiteElo "2738"]
[BlackElo "2709"]
[WhiteFideId "1170546"]
[BlackFideId "12401137"]
[EventDate "2021.08.28"]

1. Nf3 d5 2. g3 c6 3. Bg2 Bg4 4. h3 Bh5 5. d3 e6 6. Nbd2 Nf6 7. g4 Bg6 8. Nh4
Bc5 9. e3 Bb6 10. Qe2 Nfd7 11. Nxg6 hxg6 12. a3 Na6 13. b4 Bc7 14. c4 Rc8 15.
Bb2 Be5 16. d4 Bf6 17. O-O Nb6 18. c5 Na4 19. Bc1 e5 20. Qd3 O-O 21. g5 Bxg5 22.
dxe5 Nc7 23. Qc2 b5 24. f4 Be7 25. Nf3 Ne6 26. Rd1 f5 27. Rb1 g5 28. Rb3 Rc7 29.
Nd4 Nxd4 30. exd4 gxf4 31. Bxf4 Bg5 32. Rf1 Bxf4 33. Rxf4 Qg5 34. Qf2 Rcf7 35.
h4 Qh6 36. Rbf3 g6 37. Rg3 Rg7 38. Rgf3 Kf7 39. Kf1 Ke6 40. Ke1 Ra8 41. Bh3 a5
42. bxa5 Rxa5 43. Kd1 Ra8 44. Qd2 Ke7 45. Kc2 Rf7 46. Qe1 Ke6 47. Qg3 Rh8 48.
Bf1 Qg7 49. Rf2 Rh6 50. Qg5 Rh5 51. Qd8 Qf8 52. Qa5 Qb8 53. Qa6 Qb7 54. Qxb7
Rxb7 55. Be2 Rh6 56. Kb3 Rbh7 57. h5 Rxh5 58. Bxh5 Rxh5 59. Kb4 Rh1 60. Rg2 Kf7
61. Ka5 Rh3 62. Ka6 Rxa3 63. Kb7 b4 64. Rh4 Kg7 65. Rgh2 Kf7 66. Rh8 f4 67. Kxc6
Nc3 68. Kd6 Ne4+ 69. Kxd5 Nc3+ 70. Kc4 Ke6 71. Kxb4 1-0

[Event "Aimchess US Rapid Prelim"]
[Site "chess24.com INT"]
[Date "2021.08.29"]
[Round "6.3"]
[White "Naroditsky, Daniel"]
[Black "So, Wesley"]
[Result "1-0"]
[WhiteTitle "GM"]
[BlackTitle "GM"]
[WhiteElo "2623"]
[BlackElo "2772"]
[WhiteFideId "2026961"]
[BlackFideId "5202213"]
[EventDate "2021.08.28"]

1. e4 e5 2. Nf3 Nc6 3. Bb5 a6 4. Ba4 Nf6 5. O-O b5 6. Bb3 Bc5 7. d3 d6 8. a4 Rb8
9. axb5 axb5 10. Be3 Bxe3 11. fxe3 O-O 12. Qe1 Qe7 13. Nh4 g6 14. Nc3 Nb4 15.
Qg3 Kg7 16. Nf5+ Bxf5 17. Rxf5 Nd7 18. Raf1 f6 19. Nd5 Nxd5 20. Bxd5 Nb6 21. h4
c6 22. Bxc6 Qc7 23. Bxb5 Qxc2 24. h5 Qxb2 25. h6+ Kh8 26. Qg5 Qxb5 27. Rxf6 Rfe8
28. Rxg6 Nd7 29. Rg7 1-0

[Event "Aimchess US Rapid Prelim"]
[Site "chess24.com INT"]
[Date "2021.08.29"]
[Round "6.5"]
[White "Vachier-Lagrave, Maxime"]
[Black "Van Foreest, Jorden"]
[Result "1-0"]
[WhiteTitle "GM"]
[BlackTitle "GM"]
[WhiteElo "2751"]
[BlackElo "2698"]
[WhiteFideId "623539"]
[BlackFideId "1039784"]
[EventDate "2021.08.28"]

1. e4 e5 2. Nf3 Nc6 3. Bb5 Nf6 4. d3 Bc5 5. Bxc6 dxc6 6. Nbd2 Nd7 7. Nc4 f6 8.
c3 O-O 9. d4 exd4 10. cxd4 Nb6 11. Qb3 Be6 12. dxc5 Nxc4 13. Qc3 Ne5 14. Nxe5
fxe5 15. Be3 Qh4 16. Qc2 Rad8 17. O-O Rd7 18. Rad1 Rfd8 19. Rxd7 Rxd7 20. b3 Bf7
21. h3 h6 22. Kh2 Qd8 23. Qc3 Bg6 24. Qxe5 Re7 25. Qg3 Bxe4 26. Bxh6 Qd3 27.
Qxd3 Bxd3 28. Rd1 Bf5 29. Rd8+ Kf7 30. Be3 Re4 31. g4 Be6 32. Ra8 a6 33. Kg3 Bd5
34. Rb8 1-0

[Event "Aimchess US Rapid Prelim"]
[Site "chess24.com INT"]
[Date "2021.08.29"]
[Round "6.6"]
[White "Dominguez Perez, Leinier"]
[Black "Aronian, Levon"]
[Result "0-1"]
[WhiteTitle "GM"]
[BlackTitle "GM"]
[WhiteElo "2758"]
[BlackElo "2782"]
[WhiteFideId "3503240"]
[BlackFideId "13300474"]
[EventDate "2021.08.28"]

1. e4 e5 2. Nf3 Nc6 3. Bc4 Bc5 4. c3 Nf6 5. d3 O-O 6. O-O d5 7. exd5 Nxd5 8. Re1
Bg4 9. Nbd2 Nb6 10. h3 Bh5 11. Bb3 Qxd3 12. Nxe5 Qf5 13. Nef3 Rad8 14. Qe2 Nd5
15. Ne4 Bxf3 16. Qxf3 Qxf3 17. gxf3 Bb6 18. a4 h6 19. Rd1 Nde7 20. Rxd8 Rxd8 21.
Kf1 Kf8 22. Be3 Nf5 23. Bxb6 axb6 24. Rd1 Rxd1+ 25. Bxd1 Ne5 26. Ng3 Nh4 27. Ke2
Nhxf3 28. Ke3 Ng1 29. b3 Nxh3 30. f4 Ng6 31. Nh5 Ne7 32. Bg4 Nd5+ 33. Kf3 g6 34.
Bxh3 gxh5 35. Bc8 Nxc3 36. Bxb7 Ke7 37. Ke3 Kd6 38. Kd4 Na2 39. Ke4 Nb4 40. Kf5
Nd5 41. Ba6 h4 42. Kg4 h3 43. Be2 h2 44. Bf3 Kc5 45. f5 Nf6+ 46. Kf4 Kb4 47. Ke5
Ng4+ 48. Kd5 Kxb3 0-1

[Event "Aimchess US Rapid Prelim"]
[Site "chess24.com INT"]
[Date "2021.08.29"]
[Round "6.7"]
[White "Mamedyarov, Shakhriyar"]
[Black "Liang, Awonder"]
[Result "1-0"]
[WhiteTitle "GM"]
[BlackTitle "GM"]
[WhiteElo "2782"]
[BlackElo "2587"]
[WhiteFideId "13401319"]
[BlackFideId "2056437"]
[EventDate "2021.08.28"]

1. d4 d5 2. c4 c6 3. Nc3 Nf6 4. e3 e6 5. Nf3 Nbd7 6. Bd3 dxc4 7. Bxc4 b5 8. Bd3
Bb7 9. e4 b4 10. Na4 a6 11. O-O c5 12. e5 Nd5 13. Re1 cxd4 14. Nxd4 g6 15. Qg4
Nc5 16. Bg5 Qd7 17. Nxc5 Bxc5 18. Nf3 h6 19. Bd2 Ne7 20. Be4 Bxe4 21. Qxe4 Qd5
22. Bxb4 Qxe4 23. Rxe4 Bxb4 24. Rxb4 Nd5 25. Rc4 Kd7 26. Rac1 Rhb8 27. R1c2 a5
28. Ne1 Nb4 29. Rd2+ Ke8 30. a3 Nd5 31. Nd3 Rb5 32. Rdc2 Rab8 33. Rc8+ Ke7 34.
Rxb8 Rxb8 35. Kf1 g5 36. g3 Nb6 37. Ke2 Na4 38. Kd2 Kd8 39. Kc1 Rb3 40. Rd2 Kc7
41. Kc2 Rb5 42. Re2 Nc5 43. Nxc5 Rxc5+ 44. Kb3 Kb6 45. Re4 Rc1 46. Re3 Rh1 47.
Rf3 Rxh2 48. Rxf7 Kb5 49. Kc3 h5 50. Kd3 h4 51. gxh4 gxh4 52. Ke2 Rh1 53. Re7
Rb1 54. Rxe6 Rxb2+ 55. Kf3 Kc4 56. Rh6 Kd5 57. Rxh4 Rb3+ 58. Kf4 Rxa3 59. Rh6
Ra1 60. Kf5 a4 61. f4 a3 62. Ra6 a2 63. e6 1-0

[Event "Aimchess US Rapid Prelim"]
[Site "chess24.com INT"]
[Date "2021.08.29"]
[Round "6.8"]
[White "Artemiev, Vladislav"]
[Black "Giri, Anish"]
[Result "1/2-1/2"]
[WhiteTitle "GM"]
[BlackTitle "GM"]
[WhiteElo "2704"]
[BlackElo "2776"]
[WhiteFideId "24101605"]
[BlackFideId "24116068"]
[EventDate "2021.08.28"]

1. c4 e5 2. g3 Nf6 3. Bg2 c6 4. Nf3 e4 5. Nd4 Qb6 6. e3 d5 7. cxd5 cxd5 8. O-O
Nc6 9. d3 Bg4 10. Qd2 Bb4 11. Nc3 O-O 12. dxe4 dxe4 13. h3 Bd7 14. Nxc6 Bxc6 15.
Qc2 Bxc3 16. Qxc3 Rac8 17. Qb3 Qxb3 18. axb3 Rfd8 19. Rxa7 Bb5 20. Re1 Ba6 21.
b4 Rd5 22. b3 Rd3 23. b5 Bxb5 24. Rxb7 Rxb3 25. Bf1 Bc4 26. Rxb3 Bxb3 27. Bb2
Nd7 28. Bd4 Nf8 29. Rb1 Bc4 30. Bxc4 Rxc4 31. Rb8 f6 32. Bb2 Kf7 33. Rb7+ Kg8
34. Ba3 Ng6 35. Bd6 Rc6 36. Bb8 Re6 37. Kg2 Ne5 38. Bxe5 Rxe5 39. g4 h5 40. Kg3
hxg4 41. hxg4 g5 42. Kg2 Kf8 43. Kf1 Re7 44. Rb6 Kf7 45. Ke2 Kg6 46. Rb5 Re6 47.
Rd5 Ra6 48. Rd4 Re6 49. Kd2 Re8 50. Kc3 Ra8 51. Rxe4 Ra2 52. f4 gxf4 53. exf4
Rg2 54. g5 fxg5 55. fxg5 Kxg5 56. Rd4 Rg4 57. Rxg4+ Kxg4 1/2-1/2

[Event "Aimchess US Rapid Prelim"]
[Site "chess24.com INT"]
[Date "2021.08.29"]
[Round "7.1"]
[White "Giri, Anish"]
[Black "Duda, Jan-Krzysztof"]
[Result "1/2-1/2"]
[WhiteTitle "GM"]
[BlackTitle "GM"]
[WhiteElo "2776"]
[BlackElo "2738"]
[WhiteFideId "24116068"]
[BlackFideId "1170546"]
[EventDate "2021.08.28"]

1. d4 Nf6 2. c4 g6 3. Nc3 d5 4. Nf3 Bg7 5. Qb3 dxc4 6. Qxc4 O-O 7. e4 Nc6 8. Be2
e5 9. d5 Nd4 10. Nxd4 exd4 11. Qxd4 c6 12. Qc4 b5 13. Qxc6 Bd7 14. Qd6 Re8 15.
e5 b4 16. Qxb4 Rxe5 17. O-O a5 18. Qd4 Nxd5 19. Bh6 Nxc3 20. Qxc3 Rc8 21. Bxg7
Rxc3 22. Bxe5 Rc5 23. Bc3 Qc7 24. Rfd1 Rxc3 25. bxc3 Qxc3 26. Rac1 Qe5 27. Bc4
Bb5 28. Re1 Qf5 29. g3 Kg7 30. Bxb5 Qxb5 31. Rc2 Qa4 32. Rec1 g5 33. h3 h5 34.
Rc5 Kg6 35. R1c2 f6 36. R5c4 Qd7 37. Kh2 Qd3 38. R4c3 Qd6 39. Rc6 Qd3 40. R6c3
Qd6 41. Rc5 Qd3 42. a4 Qb3 43. R5c4 Qd3 44. h4 gxh4 45. gxh4 Qd6+ 46. Kg2 Qd5+
47. Kh2 Qd6+ 48. Kg2 Qd5+ 49. Kh2 Qd6+ 1/2-1/2

[Event "Aimchess US Rapid Prelim"]
[Site "chess24.com INT"]
[Date "2021.08.29"]
[Round "7.2"]
[White "Liang, Awonder"]
[Black "Artemiev, Vladislav"]
[Result "0-1"]
[WhiteTitle "GM"]
[BlackTitle "GM"]
[WhiteElo "2587"]
[BlackElo "2704"]
[WhiteFideId "2056437"]
[BlackFideId "24101605"]
[EventDate "2021.08.28"]

1. e4 e5 2. Nf3 Nc6 3. Bb5 a6 4. Ba4 d6 5. O-O Bd7 6. c4 Nge7 7. Nc3 g6 8. d4
exd4 9. Nd5 Nxd5 10. cxd5 Ne5 11. Nxd4 Bg7 12. Bb3 Bb5 13. Re1 Qh4 14. Nxb5 axb5
15. h3 O-O 16. Qc2 Rfe8 17. Bd2 Re7 18. f4 Nf3+ 19. gxf3 Qg3+ 20. Kh1 Qxh3+ 21.
Kg1 Qg3+ 22. Kh1 Qxf3+ 23. Kh2 Rae8 24. e5 Bxe5 25. Qe4 Bxf4+ 0-1

[Event "Aimchess US Rapid Prelim"]
[Site "chess24.com INT"]
[Date "2021.08.29"]
[Round "7.4"]
[White "Van Foreest, Jorden"]
[Black "Dominguez Perez, Leinier"]
[Result "1-0"]
[WhiteTitle "GM"]
[BlackTitle "GM"]
[WhiteElo "2698"]
[BlackElo "2758"]
[WhiteFideId "1039784"]
[BlackFideId "3503240"]
[EventDate "2021.08.28"]

1. d4 d5 2. c4 dxc4 3. Nf3 Nf6 4. e3 e6 5. Bxc4 c5 6. O-O a6 7. e4 b5 8. Bd3 Bb7
9. e5 Nd5 10. Nc3 cxd4 11. Nxd5 Qxd5 12. Re1 Nc6 13. Bd2 Nb4 14. Be4 Qd7 15. a4
d3 16. axb5 Nc2 17. Rxa6 Rxa6 18. bxa6 Bxa6 19. Rf1 Be7 20. Ng5 h6 21. Qf3 O-O
22. Nh7 Rc8 23. Nf6+ Bxf6 24. exf6 Qd8 25. Bc3 Nd4 26. Qg4 Qxf6 27. Bxd4 h5 28.
Bxf6 hxg4 29. Bc3 f5 30. Ra1 1-0

[Event "Aimchess US Rapid Prelim"]
[Site "chess24.com INT"]
[Date "2021.08.29"]
[Round "7.5"]
[White "Carlsen, Magnus"]
[Black "Vachier-Lagrave, Maxime"]
[Result "1-0"]
[WhiteTitle "GM"]
[BlackTitle "GM"]
[WhiteElo "2847"]
[BlackElo "2751"]
[WhiteFideId "1503014"]
[BlackFideId "623539"]
[EventDate "2021.08.28"]

1. d4 Nf6 2. c4 g6 3. Nc3 d5 4. h4 c5 5. cxd5 Nxd5 6. Na4 Nc6 7. e4 Nb6 8. d5
Ne5 9. h5 Nxa4 10. Qxa4+ Bd7 11. Qa3 Qb6 12. Qc3 Qb4 13. Qxb4 cxb4 14. f4 Ng4
15. hxg6 fxg6 16. e5 Bf5 17. Be2 Bg7 18. Bf3 O-O 19. Ne2 h5 20. Nd4 Bd7 21. Bd2
Rac8 22. Rc1 Rxc1+ 23. Bxc1 Rc8 24. Ke2 Rc4 25. Kd3 Rc5 26. Be3 Bh6 27. g3 Nxe3
28. Kxe3 a5 29. Be4 Kg7 30. Nb3 Rc8 31. Nxa5 Ra8 32. Nxb7 Rxa2 33. Nc5 Bg4 34.
Nd3 g5 35. f5 h4 36. gxh4 gxh4+ 37. Kd4 1-0

[Event "Aimchess US Rapid Prelim"]
[Site "chess24.com INT"]
[Date "2021.08.29"]
[Round "7.7"]
[White "Vidit, Santosh Gujrathi"]
[Black "Naroditsky, Daniel"]
[Result "1/2-1/2"]
[WhiteTitle "GM"]
[BlackTitle "GM"]
[WhiteElo "2726"]
[BlackElo "2623"]
[WhiteFideId "5029465"]
[BlackFideId "2026961"]
[EventDate "2021.08.28"]

1. d4 Nf6 2. c4 g6 3. g3 Bg7 4. Bg2 O-O 5. Nc3 d6 6. Nf3 Nbd7 7. O-O e5 8. e4
exd4 9. Nxd4 Nc5 10. h3 Re8 11. Re1 Bd7 12. Rb1 a5 13. Kh2 h5 14. Ndb5 Bc6 15.
Qc2 h4 16. g4 Bxb5 17. cxb5 d5 18. Nxd5 Nxd5 19. Qxc5 Nb4 20. Bg5 Be5+ 21. Qxe5
Rxe5 22. Bxd8 Rxd8 23. Bf1 Nxa2 24. Ra1 Nb4 25. Rxa5 Rd2 26. Kg1 b6 27. Ra7 Rc5
28. e5 Nc2 29. Rc1 Rxe5 30. Rxc7 Nd4 31. Rb7 Re3 32. Rc8+ Kg7 33. Bc4 Rg3+ 34.
fxg3 Nf3+ 35. Kf1 Nh2+ 36. Ke1 Nf3+ 37. Kf1 Nh2+ 38. Ke1 Nf3+ 39. Kf1 1/2-1/2